Uplatňovanie výdavkov FO v roku 2013
Zákon č. 595/2003 Z. z. o dani z príjmov v znení neskorších predpisov umožňuje daňovníkovi - fyzickej osobe s príjmami podľa paragrafu 6 ZDP uplatňovať daňové výdavky dvomi spôsobmi, a to v preukázateľnej (skutočnej) výške alebo po splnení podmienok paušálne výdavky. Záleží len od daňovníka, ktorý...
Gespeichert in:
| 1. Verfasser: | |
|---|---|
| Format: | Buchkapitel |
| Sprache: | Slowakisch |
| Schlagworte: | |
| Tags: |
Keine Tags, Fügen Sie das erste Tag hinzu!
|
MARC
| LEADER | 00000nla a2200000 4500 | ||
|---|---|---|---|
| 001 | 0174165 | ||
| 005 | 20240502072953.3 | ||
| 041 | 0 | |a slo | |
| 044 | |a SK | ||
| 245 | 1 | 0 | |a Uplatňovanie výdavkov FO v roku 2013 |c Marcela Rabatinová |
| 520 | |a Zákon č. 595/2003 Z. z. o dani z príjmov v znení neskorších predpisov umožňuje daňovníkovi - fyzickej osobe s príjmami podľa paragrafu 6 ZDP uplatňovať daňové výdavky dvomi spôsobmi, a to v preukázateľnej (skutočnej) výške alebo po splnení podmienok paušálne výdavky. Záleží len od daňovníka, ktorý spôsob uplatňovania daňových výdavkov využije. Rozhodovať by sa mal hlavne podľa toho, akým spôsobom uplatňovanie daňových výdavkov ovplyvní jeho celkový základ dane a výšku daňovej povinnosti. | ||
| 610 | 2 | 0 | |a dane z príjmov |
| 610 | 2 | 0 | |a daňovníci |
| 610 | 2 | 0 | |a základ dane |
| 610 | 2 | 0 | |a osoby fyzické |
| 610 | 2 | 0 | |a výdavky daňové |
| 610 | 2 | 0 | |a podnikanie |
| 610 | 2 | 0 | |a legislatíva |
| 100 | 1 | |a Rabatinová, Marcela, 1977- | |